000 01326cam a22003374a 4500
001 14660219
005 20250222153825.0
007 co ugu||||||||
008 061205s2008 njua b 001 0 eng
020 _a9780132208734
020 _a0132208733
050 0 0 _aRG951
_b.O4327 2008
082 0 0 _a618.2/0231
_222
245 0 0 _aOlds' maternal-newborn nursing & women's health across the lifespan /
_c[edited by] Michele R. Davidson, Marcia L. London, Patricia A. Wieland Ladewig.
250 _a8th ed.
260 _aUpper Saddle River, N.J. :
_bPearson Prentice Hall,
_cc2008.
300 _axxxv, 1275 p., [3] fold-out p. :
_bill. (some col.) ;
_c29 cm. +
_e1 DVD-ROM (4 3/4 in.)
500 _aRev. ed. of: Maternal-newborn nursing & women's health care / Sally B. Olds ... [et al.]. 7th ed. c2004.
650 0 _aMaternity nursing.
650 1 2 _aMaternal-Child Nursing
_xmethods.
650 2 2 _aNeonatal Nursing
_xmethods.
650 2 2 _aNursing Assessment
_xmethods.
650 2 2 _aPregnancy Complications
_xnursing.
650 2 2 _aWomen's Health.
700 1 _aDavidson, Michele R.
700 1 _aLondon, Marcia L.
700 1 _aLadewig, Patricia W.
700 1 _aOlds, Sally B.,
_d1940-
856 4 1 _3Table of contents only
_uhttp://www.loc.gov/catdir/toc/ecip076/2006100508.html
942 _2lcc
_cBK
_e8th ed.
_n0
999 _c4146
_d4146